000
00286nam a22001337a 4500
008
170715b xxu||||| |||| 00| 0 eng d
020
_a
9780133465457
041
_a
eng
080
_2
8TH
_a
572
100
_a
24
101
_a
ANT
245
_a
ANTHROPOLOGY
_c
EMBER,C.R
942
_2
udc
_c
BK
999
_c
21154
_d
21154